Электромагнитоакустические приборы для неразрушающего контроля металлоконструкций и элементов изделий эксплуатируемых в космосе; Техническая диагностика и неразрушающий контроль; № 3

Chi tiết về thư mục
Parent link:Техническая диагностика и неразрушающий контроль: научно-технический и производственный журнал/ Национальная академия наук Украины (НАНУ), Институт электросварки им. Е. О. Патона (ИЭС) ; Международная ассоциация "Сварка".— , 1990-1993, 2001-.— 0235-3474
№ 3.— 2002.— С. 26-30
Tác giả khác: Троицкий В. А., Радько В. П., Шевченко И. Я., Федоряка П. В., Дзыганский А. И.
Ngôn ngữ:Tiếng Nga
Được phát hành: 2002
Loạt:Неразрушающий контроль
Những chủ đề:
Định dạng: Chương của sách
KOHA link:https://koha.lib.tpu.ru/cgi-bin/koha/opac-detail.pl?biblionumber=384525

MARC

LEADER 00000naa2a2200000 4500
001 384525
005 20231101063245.0
035 |a (RuTPU)RU\TPU\prd\11353 
090 |a 384525 
100 |a 20030307a2002 k y0rusy50 ca 
101 0 |a rus 
102 |a RU 
200 1 |a Электромагнитоакустические приборы для неразрушающего контроля металлоконструкций и элементов изделий эксплуатируемых в космосе  |f В. А. Троицкий, В. П. Радько, И. Я. Шевченко и др. 
225 1 |a Неразрушающий контроль 
320 |a Библиогр.: 2 назв. 
461 1 |0 (RuTPU)RU\TPU\prd\1736  |x 0235-3474  |t Техническая диагностика и неразрушающий контроль  |o научно-технический и производственный журнал  |f Национальная академия наук Украины (НАНУ), Институт электросварки им. Е. О. Патона (ИЭС) ; Международная ассоциация "Сварка"  |d 1990-1993, 2001- 
463 1 |0 (RuTPU)RU\TPU\prd\7470  |t № 3  |v С. 26-30  |d 2002 
610 1 |a космические приборы 
610 1 |a неразрушающий контроль 
610 1 |a металлические конструкции 
610 1 |a структурные схемы 
610 1 |a электромагнитно-акустический метод 
610 1 |a сварные соединения 
675 |a 621.129.12  |v 3 
701 1 |a Троицкий  |b В. А. 
701 1 |a Радько  |b В. П. 
701 1 |a Шевченко  |b И. Я. 
701 1 |a Федоряка  |b П. В. 
701 1 |a Дзыганский  |b А. И. 
801 1 |a RU  |b 63413507  |c 20030307  |g PSBO 
801 2 |a RU  |b 63413507  |c 20140128  |g RCR 
942 |c BK